Edice SE- 3 ... : nové poznatky z Moravského krasu

Korporativní autor: Česká speleologická společnost. Základní organizace 6-19
Jazyk: Čeština
Vydáno: Brno : Speleologický klub Brno, 2009-
Témata:
Fyzický popis: 1 online zdroj : 12 cm
Odebírané svazky: 1(2009)-
Noviny a časopisy
Uloženo v:
LEADER 03962nas a2200577 i 4500
001 001150751
003 CZ BrMZK
005 20170614161148.0
007 ta
008 091015c20099999xr ar 0 b0cze d
040 |a BOA001  |b cze  |e rda 
072 7 |a 551  |x Geologie. Meteorologie. Klimatologie  |2 Konspekt  |9 7 
080 |a 55  |2 MRF-sel 
245 0 0 |a Edice SE- 3 ... :  |b nové poznatky z Moravského krasu 
246 3 3 |a Nové odborné i historické poznatky z Moravského krasu 
264 1 |a Brno :  |b Speleologický klub Brno,  |c 2009- 
300 |a 1 online zdroj :  |c 12 cm 
310 |a 1x ročně 
336 |a text  |b txt  |2 rdacontent 
337 |a počítač  |b c  |2 rdamedia 
338 |a počítačový disk  |b cd  |2 rdacarrier 
347 |a textový soubor  |b PDF  |2 rda 
362 0 |a 2009- 
500 |a Součástí náz. je pořadové číslo a běžný rok ročenky 
541 |c pv-cdr-r 
650 0 7 |a speleologie  |7 ph125905  |2 czenas 
650 0 7 |a speleologové  |7 ph265710  |2 czenas 
653 0 |a kras  |a jeskyně 
710 2 2 |a Česká speleologická společnost.  |b Základní organizace 6-19  |9 o  |4 orm 
910 |a BOA001  |b CDR-1231.713  |s 1(2009)- 
952 |a e-xr-ms 
990 |a SE 
995 |a 01 
991 |b 201105 
996 3 |b 2610478700  |c CDR-1231.713  |d 2009 1  |v 2009  |i 1  |y 2009  |l Stud. periodik/2.patro  |r Sklad / do 1 hodiny  |n 0  |p p.v.-cdr  |w 001183704  |u 000010  |a 1  |e BOA001  |j MZK50  |s N 
996 3 |b 2610478701  |c CDR-1231.713  |d 2009 1  |v 2009  |i 1  |y 2009  |l Stud. periodik/2.patro  |r Sklad / do 1 hodiny  |n 0  |p cdr-pv  |w 001183704  |u 000020  |a 1  |e BOA001  |j MZK50  |s N 
996 3 |b 2610478702  |c CDR-1231.713  |d 2010 2  |v 2010  |i 2  |y 2010  |l Stud. periodik/2.patro  |r Sklad / do 1 hodiny  |n 0  |p p.v.-cdr  |w 001183704  |u 000030  |a 1  |e BOA001  |j MZK50  |s N 
996 3 |b 2610478703  |c CDR-1231.713  |d 2010 2  |v 2010  |i 2  |y 2010  |l Stud. periodik/2.patro  |r Sklad / do 1 hodiny  |n 0  |p cdr-p.v.  |w 001183704  |u 000040  |a 1  |e BOA001  |j MZK50  |s N 
996 3 |b 2610478704  |c CDR-1231.713  |d 2011 3  |v 2011  |i 3  |y 2011  |l Stud. periodik/2.patro  |r Sklad / do 1 hodiny  |n 0  |p p.v.-cdr  |w 001183704  |u 000050  |a 1  |e BOA001  |j MZK50  |s N 
996 3 |b 2610478705  |c CDR-1231.713  |d 2011 3  |v 2011  |i 3  |y 2011  |l Stud. periodik/2.patro  |r Sklad / do 1 hodiny  |n 0  |p p.v.-cdr  |w 001183704  |u 000060  |a 1  |e BOA001  |j MZK50  |s N 
996 3 |b 2610551431  |c CDR-1231.713  |d 2012 4  |v 2012  |i 4  |y 2012  |l Stud. periodik/2.patro  |r Sklad / do 1 hodiny  |n 0  |p cdr-p.v.  |w 001183704  |u 000080  |a 1  |e BOA001  |j MZK50  |s N 
996 3 |b 2610551432  |c CDR-1231.713  |d 2012 4  |v 2012  |i 4  |y 2012  |l Stud. periodik/2.patro  |r Sklad / do 1 hodiny  |n 0  |p cdr-p.v.  |w 001183704  |u 000070  |a 1  |e BOA001  |j MZK50  |s N 
996 3 |b 2610551433  |c CDR-1231.713  |d 2013 5  |v 2013  |i 5  |y 2013  |l Stud. periodik/2.patro  |r Sklad / do 1 hodiny  |n 0  |p cdr-p.v.  |w 001183704  |u 000100  |a 1  |e BOA001  |j MZK50  |s N 
996 3 |b 2610551434  |c CDR-1231.713  |d 2013 5  |v 2013  |i 5  |y 2013  |l Stud. periodik/2.patro  |r Sklad / do 1 hodiny  |n 0  |p cdr-p.v.  |w 001183704  |u 000090  |a 1  |e BOA001  |j MZK50  |s N 
996 3 |b 2610636498  |c CDR-1231.713  |d 2014 6  |v 2014  |i 6  |y 2014  |l Stud. periodik/2.patro  |r Sklad / do 1 hodiny  |n 0  |p cdr-p.v.  |w 001183704  |u 000120  |a 1  |e BOA001  |j MZK50  |s N 
996 3 |b 2610636499  |c CDR-1231.713  |d 2014 6  |v 2014  |i 6  |y 2014  |l Stud. periodik/2.patro  |r Sklad / do 1 hodiny  |n 0  |p cdr-p.v.  |w 001183704  |u 000110  |a 1  |e BOA001  |j MZK50  |s N 
996 3 |b 2610636500  |c CDR-1231.713  |d 2015 7  |v 2015  |i 7  |y 2015  |l Stud. periodik/2.patro  |r Sklad / do 1 hodiny  |n 0  |p cdr-p.v.  |w 001183704  |u 000140  |a 1  |e BOA001  |j MZK50  |s N 
996 3 |b 2610636561  |c CDR-1231.713  |d 2015 7  |v 2015  |i 7  |y 2015  |l Stud. periodik/2.patro  |r Sklad / do 1 hodiny  |n 0  |p cdr-p.v.  |w 001183704  |u 000130  |a 1  |e BOA001  |j MZK50  |s N 
996 3 |b 2610672462  |c CDR-1231.713  |d 2016 8  |v 2016  |i 8  |y 2016  |l Stud. periodik/2.patro  |r Sklad / do 1 hodiny  |n 0  |p cdr-p.v.  |w 001183704  |u 000160  |a 1  |e BOA001  |j MZK50  |s N 
996 3 |b 2610672463  |c CDR-1231.713  |d 2016 8  |v 2016  |i 8  |y 2016  |l Stud. periodik/2.patro  |r Sklad / do 1 hodiny  |n 0  |p cdr-p.v.  |w 001183704  |u 000150  |a 1  |e BOA001  |j MZK50  |s N 
996 3 |b 2610708710  |c CDR-1231.713  |d 2017 9  |v 2017  |i 9  |y 2017  |l Stud. periodik/2.patro  |r Sklad / do 1 hodiny  |n 0  |p cdr-p.v.  |w 001183704  |u 000170  |a 1  |e BOA001  |j MZK50  |s N